000 00520nam a2200193Ia 4500
003 GCL
008 140319s9999 xx 000 0 ara d
040 _aGCL /
_cGCL
082 0 4 _a216.2
_bا ر
100 1 _aالسيد امير على
245 1 0 _aروح الاسلام /
_cالسيد امير على
700 1 _aامين محمود الشريف
300 _a392
490 _aالالف كتاب
_v0
650 0 4 _aالاسلام
650 0 4 _aالعقائد
650 0 4 _aالعبادات
942 _2ddc
_cBK
999 _c44061
_d44061